<?xml version="1.0" encoding="UTF-8"?><?xml-stylesheet type="text/xsl" href="static/style.xsl"?><OAI-PMH xmlns="http://www.openarchives.org/OAI/2.0/" xmlns:xsi="http://www.w3.org/2001/XMLSchema-instance" xsi:schemaLocation="http://www.openarchives.org/OAI/2.0/ http://www.openarchives.org/OAI/2.0/OAI-PMH.xsd"><responseDate>2026-04-27T21:51:15Z</responseDate><request verb="GetRecord" identifier="oai:uvadoc.uva.es:10324/80228" metadataPrefix="marc">https://uvadoc.uva.es/oai/request</request><GetRecord><record><header><identifier>oai:uvadoc.uva.es:10324/80228</identifier><datestamp>2025-12-02T20:02:57Z</datestamp><setSpec>com_10324_38</setSpec><setSpec>col_10324_852</setSpec></header><metadata><record xmlns="http://www.loc.gov/MARC21/slim" xmlns:doc="http://www.lyncode.com/xoai" xmlns:xsi="http://www.w3.org/2001/XMLSchema-instance" xmlns:dcterms="http://purl.org/dc/terms/" xsi:schemaLocation="http://www.loc.gov/MARC21/slim http://www.loc.gov/standards/marcxml/schema/MARC21slim.xsd">
<leader>00925njm 22002777a 4500</leader>
<datafield tag="042" ind1=" " ind2=" ">
<subfield code="a">dc</subfield>
</datafield>
<datafield tag="720" ind1=" " ind2=" ">
<subfield code="a">Alfageme Prieto, Fernando</subfield>
<subfield code="e">author</subfield>
</datafield>
<datafield tag="260" ind1=" " ind2=" ">
<subfield code="c">2025</subfield>
</datafield>
<datafield tag="520" ind1=" " ind2=" ">
<subfield code="a">Este trabajo estudia el mercado de reciclaje de baterías, centrándose especialmente en las baterías de litio, ya que son las principales equipadas en los vehículos eléctricos debido al auge de éstos. Se analizan las mejores prácticas e impulsores del mercado, las regulaciones que impactan directamente en estas actividades y la perspectiva del consumidor. Además, se realiza un análisis DAFO a corto, medio y largo plazo, junto con un análisis PESTEL. Se presentan datos relevantes sobre el incremento en los registros de nuevos vehículos, los distintos procesos de reciclaje y producción de baterías para los vehículos eléctricos, así como las predicciones de crecimiento de la infraestructura europea de reciclaje.</subfield>
</datafield>
<datafield tag="520" ind1=" " ind2=" ">
<subfield code="a">This paper studies the battery recycling market, with a special focus on lithium batteries, as they are the main batteries equipped in electric vehicles due to the rise of electric vehicles. Best practices and market drivers, regulations that directly impact these activities and the consumer perspective are analysed. In addition, a short, medium and long-term SWOT analysis is performed, along with a PESTEL analysis. Relevant data is presented on the increase in new vehicle registrations, the various recycling and battery production processes for electric vehicles, as well as growth predictions for the European recycling infrastructure.</subfield>
</datafield>
<datafield tag="024" ind2=" " ind1="8">
<subfield code="a">https://uvadoc.uva.es/handle/10324/80228</subfield>
</datafield>
<datafield tag="245" ind1="0" ind2="0">
<subfield code="a">Estudio de mercado sobre las actividades y mejores prácticas llevadas a cabo por las OEM en el reciclaje de las baterías de los vehículos eléctricos</subfield>
</datafield>
</record></metadata></record></GetRecord></OAI-PMH>